000
00194 a2200109 4500
020
_a
00000000000
041
_a
spa
100
_a
Disney
245
_a
El Pato Darwig
942
_c
BK
952
_7
4
999
_c
24859
_d
24859